[Event "Lyon"]
[Site "Lyon"]
[Date "2004.09.24"]
[Round "10"]
[White "L'Hermitte, Emmanuel"]
[Black "Bazzazi, Abdulaziz"]
[Result "1-0"]
[WhiteElo "2010"]
[BlackElo "1951"]
[PlyCount "140"]
[EventDate "2004.09.??"]
[EventType "tourn"]
[EventRounds "10"]
[EventCountry "FRA"]
[SourceTitle "CBM 102 Extra"]
[Source "ChessBase"]
[SourceDate "2004.11.03"]
[SourceVersion "1"]
[SourceVersionDate "2004.11.03"]
[SourceQuality "1"]

1. d4 Nf6 2. c4 e6 3. Nf3 b6 4. a3 Ba6 5. Qa4 Be7 6. Nc3 Bb7 7. Bg5 0-0 8. Bxf6 Bxf6 9. e4 c5 10. d5 Bxc3+ 11. bxc3 d6 12. Bd3 e5 13. 0-0 Bc8 14. Qc2 Bg4 15. Ne1 Nd7 16. f3 Bh5 17. Qd2 g5 18. g4 Bg6 19. Ng2 Kg7 20. Ne3 f6 21. h4 h6 22. Qf2 Rh8 23. Ra2 Qc7 24. Qg3 Rag8 25. h5 Bh7 26. Rb1 Rb8 27. Bc2 Rhd8 28. Ba4 Qb7 29. Rab2 Qa6 30. Bxd7 Rxd7 31. Rb3 Rdb7 32. Qf2 Kf7 33. Qb2 Ke8 34. a4 Kd7 35. a5 Kc7 36. axb6+ Rxb6 37. Rb5 Qb7 38. Qa2 Ra8 39. Qa5 Rb8 40. Nc2 Qc8 41. Qxa7+ Qb7 42. Qxb7+ R8xb7 43. Na3 Rxb5 44. Nxb5+ Kd7 45. Ra1 f5 46. exf5 Bxf5 47. gxf5 Ke7 48. Ra6 Rd7 49. Kf2 Rd8 50. Ke3 Rd7 51. Ke4 Rd8 52. Na7 Kf6 53. Nb5 g4 54. fxg4 Kg5 55. Nxd6 Kxg4 56. Nf7 Rf8 57. Nxh6+ Kxh5 58. Kxe5 Kg5 59. Ke6 Rf6+ 60. Ke7 Rxa6 61. d6 Kxh6 62. d7 Ra7 63. f6 Kg6 64. f7 Rxd7+ 65. Kxd7 Kxf7 66. Kd6 Ke8 67. Kxc5 Kd7 68. Kb6 Kc8 69. Kc6 Kb8 70. Kd7 Kb7 1-0

[Event "Lyon"]
[Site "Lyon"]
[Date "2004.09.22"]
[Round "5"]
[White "Bazzazi, Abdulaziz"]
[Black "L'Hermitte, Emmanuel"]
[Result "0-1"]
[WhiteElo "1951"]
[BlackElo "2010"]
[PlyCount "96"]
[EventDate "2004.09.??"]
[EventType "tourn"]
[EventRounds "10"]
[EventCountry "FRA"]
[SourceTitle "CBM 102 Extra"]
[Source "ChessBase"]
[SourceDate "2004.11.03"]
[SourceVersion "1"]
[SourceVersionDate "2004.11.03"]
[SourceQuality "1"]

1. d4 Nf6 2. c4 e5 3. dxe5 Ne4 4. Nf3 b6 5. Qc2 Bb4+ 6. Nbd2 Bb7 7. a3 Bxd2+ 8. Nxd2 Nxd2 9. Bxd2 Nc6 10. e4 Nxe5 11. Be2 0-0 12. f4 Nc6 13. Bc3 Qe7 14. 0-0 a5 15. Rae1 Qc5+ 16. Kh1 Nd4 17. Qd3 Nxe2 18. Rxe2 Ba6 19. Qg3 f6 20. Ref2 Bxc4 21. Re1 d5 22. e5 d4 23. b4 Qd5 24. Rd2 c5 25. bxc5 bxc5 26. exf6 Rxf6 27. h3 Qf7 28. Bxd4 cxd4 29. Rxd4 Rf8 30. Ree4 Rg6 31. Qf3 Bd5 32. f5 Rf6 33. g4 Bxe4 34. Qxe4 h5 35. Kg2 Qa2+ 36. Kg3 hxg4 37. hxg4 Rh6 38. Kf4 Qf2+ 39. Kg5 Qh4+ 40. Kf4 Rg6 41. Qd5+ Kh8 42. Qg2 Qg5+ 43. Kf3 Rxf5+ 44. Ke2 Re5+ 45. Kd1 Re8 46. Qh3+ Rh6 47. Qf3 Rh2 48. Rd5 Qe3 0-1

[Event "FRA-ch op-B"]
[Site "Aix les Bains"]
[Date "2003.08.26"]
[Round "7"]
[White "Agrech, Pierre"]
[Black "Bazzazi, Abdulaziz"]
[Result "1-0"]
[WhiteElo "1870"]
[BlackElo "1951"]
[PlyCount "125"]
[EventDate "2003.08.19"]
[EventType "swiss"]
[EventRounds "9"]
[EventCountry "FRA"]
[SourceTitle "EXT 2004"]
[Source "ChessBase"]
[SourceDate "2003.11.25"]
[SourceVersion "1"]
[SourceVersionDate "2003.11.25"]
[SourceQuality "1"]

1. c4 e5 2. g3 d6 3. Bg2 f5 4. e3 Nf6 5. Ne2 Be7 6. d4 c6 7. Nbc3 0-0 8. 0-0 Qe8 9. Rb1 Kh8 10. b4 Be6 11. d5 Bf7 12. f4 e4 13. Nd4 g6 14. Bb2 Kg8 15. Qd2 h5 16. Nc2 Kh7 17. Rfd1 Rg8 18. h4 Nbd7 19. dxc6 bxc6 20. Bf1 Rd8 21. a4 Nb6 22. Na3 d5 23. c5 Na8 24. a5 Nc7 25. Nc2 Ne6 26. Ne2 Ng4 27. Ncd4 Nc7 28. Nc3 a6 29. Na4 Rb8 30. Nb6 Nb5 31. Nxb5 cxb5 32. Rbc1 Qc6 33. Nxd5 Bxd5 34. Qxd5 Qxd5 35. Rxd5 Rbd8 36. Rxd8 Rxd8 37. Bd4 Kg8 38. Be2 Nh6 39. Bd1 Kf8 40. Bb3 Ng4 41. c6 Bd6 42. Bb6 Ke7 43. Bxd8+ Kxd8 44. c7+ Bxc7 45. Rc6 Kd7 46. Rxg6 Nxe3 47. Kf2 Nc4 48. Bxc4 bxc4 49. Rxa6 c3 50. Ke2 Bd6 51. Rb6 Kc7 52. Rb5 Kc6 53. a6 Kxb5 54. a7 Bxb4 55. a8Q Kc4 56. Qa2+ Kc5 57. Kd1 Kd4 58. Qe2 e3 59. Kc2 Ke4 60. Qxh5 Ba5 61. Qe2 Bb6 62. Kxc3 Bd4+ 63. Kc4 1-0

[Event "FRA-ch op-B"]
[Site "Aix les Bains"]
[Date "2003.08.24"]
[Round "6"]
[White "Bazzazi, Abdulaziz"]
[Black "Valenet, Olivier"]
[Result "1-0"]
[WhiteElo "1945"]
[BlackElo "1870"]
[PlyCount "73"]
[EventDate "2003.08.19"]
[EventType "swiss"]
[EventRounds "9"]
[EventCountry "FRA"]
[SourceTitle "EXT 2004"]
[Source "ChessBase"]
[SourceDate "2003.11.25"]
[SourceVersion "1"]
[SourceVersionDate "2003.11.25"]
[SourceQuality "1"]

1. d4 Nf6 2. c4 g6 3. Nc3 Bg7 4. e4 d6 5. f4 0-0 6. Nf3 c5 7. d5 b5 8. cxb5 a6 9. Nd2 Nfd7 10. a4 axb5 11. Bxb5 Ba6 12. Qe2 Qa5 13. Ra3 Qb4 14. Rb3 Qa5 15. Ra3 Qb4 16. Na2 Qa5 17. 0-0 Qc7 18. Nc3 Bb7 19. Nc4 Na6 20. Bxd7 Qxd7 21. Nb6 Qc7 22. Nxa8 Rxa8 23. Nb5 Qd7 24. Rd1 Nb4 25. Be3 Ba6 26. e5 Qf5 27. Qd2 Rb8 28. exd6 exd6 29. Nxd6 Qg4 30. Bxc5 Nc2 31. Rg3 Qh5 32. Nb5 Bxb5 33. axb5 Rxb5 34. Rg5 Qh6 35. Qxc2 Rxb2 36. Qe4 Bf8 37. Qe8 1-0